MARC

LEADER 00000nam0a2200000 4500
001 293926
005 20231102000636.0
020 |a RU  |b 83-56063 
035 |a (RuTPU)RU\TPU\book\318976 
090 |a 293926 
100 |a 20150507d1983 km y0rusy5003 ca 
101 0 |a rus 
102 |a RU 
105 |a a z 001zy 
200 1 |a Управление установками капиталистического крекинга  |f А. Я. Серебрянский 
210 |a Москва  |c Химия  |d 1983 
215 |a 189 с.  |c ил. 
320 |a Библиогр.: с. 180-184 
320 |a Предметный указатель: с. 185-189 
606 1 |a Крекинг каталитический  |2 stltpush  |3 (RuTPU)RU\TPU\subj\34091  |9 56139 
610 1 |a автоматическое управление 
610 1 |a автоматизация 
610 1 |a математические модели 
610 1 |a системы контроля 
610 1 |a АСУ ТП 
610 1 |a разработка 
675 |a 665.644  |z rus  |v 3 
700 1 |a Серебрянский  |b А. Я.  |g Анатолий Яковлевич  |4 070 
801 0 |a RU  |b RuMRKP  |c 19950704  |g psbo 
801 1 |a RU  |b 63413507  |c 20150507 
801 2 |a RU  |b 63413507  |c 20180406  |g RCR 
942 |c BK